Qui sont ces miss France en photos - Statistiques

Statistiques générales
  • Ce quiz a été pris 132 fois
  • Le résultat moyen est 12 sur 16
Statistiques - réponses
Par images Réponse % Correct
Iris Mittenaere
93%
Sylvie Tellier
90%
Camille Cerf
88%
Amandine Petit
83%
Elodie Gossuin
83%
Marine Lorphelin
80%
Malika Menard
78%
Vaimalama Chaves
77%
Maeva Coucke
72%
Laury Thilleman
71%
Delphine Wespiser
66%
Valérie Bègue
64%
Clémence Botino
63%
Rachel Legrain-Trapani
63%
Alexandra Rosenfeld
48%
Linda Hardy
45%
Aucun quiz correspondant
Distribution des résultats
% des personnes avec chaque résultat
Percentile par nombre de réponses
Votre historique - résultats
Vous n’avez pas pris ce quiz